000 03232cam a2200313 4500500
005 20260111150245.0
041 _afre
042 _adc
100 1 0 _aCrenn, Chantal
_eauthor
700 1 0 _aHassoun, Jean-Pierre
_eauthor
245 0 0 _aDakar. Les quatre âges du fast food
260 _c2014.
500 _a67
520 _aÀ partir d¹une enquête ethnographique, cet article reconstitue la biographie des restaurants aujourd’hui appelés fast foods à Dakar. Ils ont été ouverts par les migrants libanais qui ont introduit le shawarma en 1964, puis le hamburger dans les années 1980. Jusqu’au milieu des années 1990 ces restaurants sont localisés au centre historique, puis ils se diffusent dans les quartiers de l’agglomération dakaroise et ses banlieues. L’uniformité des produits masque des usages différenciés et des tensions morales autour de l’opposition alimentation individuelle/alimentation collective. Bien que leurs ingrédients soient de plus en plus souvent importés « d’ailleurs », ces nourritures sont vécues désormais comme des produits « d’ici », alors même que se restaurer dans un fast food constitue une forme de participation au monde globalisé, confirmant l’extraversion dakaroise.
520 _aThe Four Ages of Fast Food in DakarBased on an ethnographical fieldwork, this paper reconstitutes the biography of restaurants so called, today in Dakar: fast food. These restaurants have been opened by Lebanese migrants who introduced shawarmas (1964) then hamburgers (1980’s) in the country. Until the midst of 1990’s these restaurants are located in the historical core of the city, then spread towards districts and suburbs. The foodstuff uniformity hide differentiated uses and moral tensions around individual eating versus collective eating. Although their ingredients are more and more frequently imported from “elsewhere,” these foodstuff are felt as being from “domestic” while eating in a fast food constitutes a kind of participation to the global World, thus illustrating the extroversion of Dakar.
520 _aIm Rahmen einer ethnographischen Studie rekonstruiert der vorliegende Beitrag die Biographie der heute sogenannten Fast food Restaurants in Dakar. Sie gehen vor allem auf die Einführung des Sharwarma durch Libanesische Einwanderer (1964) und den Hamburger in den 1980er Jahren zurück. Bis in die 1990er Jahr fand man die Restaurants im historischen Stadtkern – im Viertel le Plateau – bevor sie sich in den letzten 20 Jahren auf ganz Dakar und Umgebung verteilt haben. Dabei verschleiert das identische Angebot, dass je nach Lage des Lokals sein Charakter variiert vom offensichtlichen Kommerz im Stadtzentrum hin zu einem wesentlich diskreteren Auftreten in der Peripherie.
690 _aDakar
690 _afast food
690 _ahamburger
690 _arestaurant
690 _ashawarma
690 _aDakar
690 _afast food
690 _ahamburger
690 _arestaurant
690 _ashawarma
786 0 _nEthnologie française | 44 | 1 | 2014-02-01 | p. 59-72 | 0046-2616
856 4 1 _uhttps://shs.cairn.info/revue-ethnologie-francaise-2014-1-page-59?lang=fr&redirect-ssocas=7080
999 _c1637314
_d1637314